Introduction to Hydraulics and Pneumatics (Record no. 33679)
[ view plain ]
| 000 -LEADER | |
|---|---|
| fixed length control field | 00436nam a22001937a 4500 |
| 003 - CONTROL NUMBER IDENTIFIER | |
| control field | NUST |
| 020 ## - INTERNATIONAL STANDARD BOOK NUMBER | |
| International Standard Book Number | 9788120344068 |
| 038 ## - RECORD CONTENT LICENSOR | |
| Staff Name | Khadija |
| 082 ## - DEWEY DECIMAL CLASSIFICATION NUMBER | |
| Classification number | 627 ILA |
| 100 ## - MAIN ENTRY--PERSONAL NAME | |
| Personal name | Ilango, S |
| 9 (RLIN) | 83747 |
| 245 ## - TITLE STATEMENT | |
| Title | Introduction to Hydraulics and Pneumatics |
| 250 ## - EDITION STATEMENT | |
| Edition statement | 2nd |
| 260 ## - PUBLICATION, DISTRIBUTION, ETC. | |
| Place of publication, distribution, etc. | NEW DELHI |
| Name of publisher, distributor, etc. | PHI LEARNING |
| Date of publication, distribution, etc. | 2011 |
| 300 ## - PHYSICAL DESCRIPTION | |
| Extent | XV, 302P |
| 490 ## - SERIES STATEMENT | |
| Series statement | 2ND |
| 563 ## - BINDING INFORMATION | |
| Binding note | PB |
| 700 ## - ADDED ENTRY--PERSONAL NAME | |
| Personal name | SOUNDARARAJAN, V |
| 9 (RLIN) | 83748 |
| 942 ## - ADDED ENTRY ELEMENTS (KOHA) | |
| Koha item type | Book |
| Source of classification or shelving scheme | |
| Withdrawn status | Lost status | Damaged status | Not for loan | Permanent Location | Current Location | Shelving location | Date acquired | Total Checkouts | Full call number | Barcode | Date last seen | Price effective from | Koha item type | Source of classification or shelving scheme |
|---|---|---|---|---|---|---|---|---|---|---|---|---|---|---|
| School of Mechanical & Manufacturing Engineering (SMME) | School of Mechanical & Manufacturing Engineering (SMME) | General Stacks | 12/02/2015 | 621.51 ILA | SMME-46849 | 12/02/2015 | 12/02/2015 | Book | ||||||
| School of Mechanical & Manufacturing Engineering (SMME) | School of Mechanical & Manufacturing Engineering (SMME) | General Stacks | 05/11/2016 | 627 ILA | SMME-2937 | 04/05/2018 | 05/11/2016 | Book |
